عرض عادي
عرض مارك
- Intelligence service
دخول Topical Term
001 - CONTROL NUMBER
- control field: 22560
003 - CONTROL NUMBER IDENTIFIER
- control field: AE-AdECS
005 - DATE AND TIME OF LATEST TRANSACTION
- control field: 20251106105104.0
008 - FIXED-LENGTH DATA ELEMENTS
- fixed length control field: 251106|| aca||aabn | a|a d
040 ## - CATALOGING SOURCE
- Original cataloging agency: AE-AdECS
- Transcribing agency: AE-AdECS
150 ## - HEADING--TOPICAL TERM
- Topical term or geographic name entry element: Intelligence service
- General subdivision: Methodology
670 ## - SOURCE DATA FOUND
- Source citation: Work cat.: (AE-AdECS)292930: Yaphe, Joshua, author. 22559, Time and Narrative in Intelligence Analysis :
